Workshop Reklamná kampaň poisťovacej spoločnosti
Workshop zorganizovaný dňa 10.12.2012, Katedrou poisťovníctva Národohospodárskej fakulty Ekonomickej univerzity v Bratislave v spolupráci so životnou poisťovňou AEGON, a.s. pre študentov 3. ročníka 1. stupňa štúdia študijného programu Poisťovníctvo.
Na minha lista:
| Autor principal: | |
|---|---|
| Formato: | Capítulo de Livro |
| Idioma: | eslovaco |
| Assuntos: | |
| Tags: |
Sem tags, seja o primeiro a adicionar uma tag!
|
MARC
| LEADER | 00000nla a2200000 4500 | ||
|---|---|---|---|
| 001 | 0167765 | ||
| 005 | 20240502072926.1 | ||
| 041 | 0 | |a slo | |
| 044 | |a SK | ||
| 245 | 1 | 0 | |a Workshop Reklamná kampaň poisťovacej spoločnosti |c Zuzana Littvová |
| 520 | |a Workshop zorganizovaný dňa 10.12.2012, Katedrou poisťovníctva Národohospodárskej fakulty Ekonomickej univerzity v Bratislave v spolupráci so životnou poisťovňou AEGON, a.s. pre študentov 3. ročníka 1. stupňa štúdia študijného programu Poisťovníctvo. | ||
| 610 | 2 | 0 | |a poisťovníctvo |
| 610 | 2 | 0 | |a poisťovne |
| 610 | 2 | 0 | |a poistenie životné |
| 610 | 2 | 0 | |a kampane reklamné |
| 610 | 2 | 0 | |a workshop |
| 610 | 2 | 0 | |a univerzity |
| 100 | 1 | |a Littvová, Zuzana | |